[Event "Tradewise Gibraltar Masters 14th"]
[Site "Gibraltar"]
[Date "2016.02.01"]
[Round "7.48"]
[White "Bitensky, Igor"]
[Black "Pogonina, Natalija"]
[Result "0-1"]
[WhiteElo "2362"]
[BlackElo "2454"]
[PlyCount "80"]
[EventDate "2016.01.26"]
[EventType "swiss"]
[EventRounds "10"]
[EventCountry "GGB"]
[Source "www.saund.co.uk"]
[SourceDate "2005.02.07"]

1. e4 e5 2. Nf3 Nc6 3. Bc4 Bc5 4. O-O Nf6 5. d3 O-O 6. Nbd2 d6 7. c3 a5 8. h3
Be6 9. Bb5 h6 10. Re1 Ba7 11. Nf1 Ne7 12. d4 c6 13. Bd3 Ng6 14. Ng3 Re8 15. Be3
Qc7 16. Qd2 Rad8 17. c4 Bc8 18. Rac1 exd4 19. Nxd4 Bc5 20. Qc2 Qb6 21. Ndf5
Bxe3 22. Rxe3 Qc5 23. Bf1 Re5 24. Rf3 Bxf5 25. exf5 Ne7 26. a3 Re8 27. b4 axb4
28. axb4 Qxb4 29. Rb1 Qc5 30. Rxb7 d5 31. Qb3 d4 32. Bd3 Nc8 33. Rc7 Nb6 34.
Rf4 Re1+ 35. Bf1 Qd6 36. Qxb6 Qxf4 37. Qb7 Rf8 38. Rc8 Rxc8 39. Qxc8+ Kh7 40.
Ne2 Qe5 0-1

[Event "Tradewise Gibraltar Masters 14th"]
[Site "Gibraltar"]
[Date "2016.02.01"]
[Round "7.49"]
[White "Piasetski, Leon"]
[Black "Tan, Justin"]
[Result "0-1"]
[WhiteElo "2277"]
[BlackElo "2446"]
[PlyCount "98"]
[EventDate "2016.01.26"]
[EventType "swiss"]
[EventRounds "10"]
[EventCountry "GGB"]
[Source "www.saund.co.uk"]
[SourceDate "2005.02.07"]

1. c4 e5 2. Nc3 Nf6 3. Nf3 Nc6 4. e3 Bb4 5. Qc2 Bxc3 6. Qxc3 Qe7 7. a3 d5 8.
cxd5 Nxd5 9. Qb3 Nb6 10. d3 O-O 11. Be2 a5 12. Bd2 Rd8 13. O-O a4 14. Qc2 Be6
15. Rac1 f6 16. e4 Nd7 17. Be3 Nf8 18. Qc5 Qxc5 19. Rxc5 Bg4 20. d4 Bxf3 21.
Bc4+ Kh8 22. gxf3 exd4 23. Bf4 Nd7 24. Rb5 Nce5 25. Rc1 c6 26. Rxb7 Nc5 27.
Bxe5 Nxb7 28. Bc7 Rd7 29. Bb6 g6 30. Kf1 Kg7 31. Rc2 Na5 32. Bd3 Rb7 33. Bc5
Nb3 34. Bd6 c5 35. e5 Rd8 36. f4 Kh6 37. Ke2 g5 38. Be4 Rbd7 39. Kd3 gxf4 40.
Bc6 Ra7 41. Rc4 fxe5 42. Bxe5 Kg5 43. Bxa4 Rb7 44. h3 Kf5 45. Bc7 Rxc7 46. Bxb3
Rb8 47. Kc2 Ke4 48. Ba2 Kf3 49. b4 Kxf2 0-1

[Event "Tradewise Gibraltar Masters 14th"]
[Site "Gibraltar"]
[Date "2016.02.01"]
[Round "7.50"]
[White "Perez Garcia, Alejandro"]
[Black "Shytaj, Luca"]
[Result "0-1"]
[WhiteElo "2273"]
[BlackElo "2443"]
[PlyCount "70"]
[EventDate "2016.01.26"]
[EventType "swiss"]
[EventRounds "10"]
[EventCountry "GGB"]
[Source "www.saund.co.uk"]
[SourceDate "2005.02.07"]

1. d4 Nf6 2. c4 e6 3. g3 c5 4. d5 exd5 5. cxd5 b5 6. e4 Nxe4 7. Bg2 Nd6 8. Nf3
Be7 9. O-O O-O 10. Bf4 Na6 11. Re1 Nc7 12. Nc3 Bb7 13. Ne5 Rc8 14. Qh5 Nce8 15.
Rad1 b4 16. Nb1 Nf6 17. Qh3 c4 18. g4 Rc5 19. Qe3 Rxd5 20. g5 Rxd1 21. Rxd1
Nfe4 22. Bxe4 Bxe4 23. Nd2 Ba8 24. Ndxc4 Nxc4 25. Nxc4 Qc8 26. b3 Qc6 27. Kf1
Bc5 28. Qh3 Re8 29. Ne3 Bb7 30. Ke1 d5 31. Kd2 Bd4 32. Ke2 Bc3 33. Kf1 d4 34.
Ng2 d3 35. Be3 d2 0-1

[Event "Tradewise Gibraltar Masters 14th"]
[Site "Gibraltar"]
[Date "2016.02.01"]
[Round "7.51"]
[White "Fiala, Vaclav"]
[Black "Carlsson, Pontus"]
[Result "1/2-1/2"]
[WhiteElo "2217"]
[BlackElo "2430"]
[PlyCount "93"]
[EventDate "2016.01.26"]
[EventType "swiss"]
[EventRounds "10"]
[EventCountry "GGB"]
[Source "www.saund.co.uk"]
[SourceDate "2005.02.07"]

1. e4 c5 2. Nf3 d6 3. d4 cxd4 4. Nxd4 Nf6 5. Nc3 g6 6. Be3 Bg7 7. f3 O-O 8. Qd2
Nc6 9. Bc4 Bd7 10. O-O-O Rc8 11. Bb3 Nxd4 12. Bxd4 b5 13. e5 dxe5 14. Bxe5 Bc6
15. Qe1 Qb6 16. Kb1 a5 17. a4 bxa4 18. Nxa4 Bxa4 19. Bxa4 Rc5 20. Bd4 Nd5 21.
Bxg7 Kxg7 22. Rd3 Qf6 23. Bb3 Rb8 24. Qf2 Rxc2 25. Qd4 Rxg2 26. Bxd5 Rbxb2+ 27.
Ka1 e5 28. Qxb2 Rxb2 29. Kxb2 e4+ 30. Rc3 Qb6+ 31. Kc2 Qf2+ 32. Kb3 Qb6+ 33.
Kc2 Qf2+ 34. Kb3 e3 35. Rcc1 Qd2 36. Bc4 Qb4+ 37. Ka2 Qd2+ 38. Kb1 f5 39. f4
Qb4+ 40. Ka1 Qa4+ 41. Kb2 Qb4+ 42. Ka1 Qd2 43. Rhd1 Qxh2 44. Rd7+ Kh6 45. Bg8
Qxf4 46. Rxh7+ Kg5 47. Rg1+ 1/2-1/2

[Event "Tradewise Gibraltar Masters 14th"]
[Site "Gibraltar"]
[Date "2016.02.01"]
[Round "7.52"]
[White "Verneuil, Pascal"]
[Black "Almagro Llamas, Pablo"]
[Result "0-1"]
[WhiteElo "2205"]
[BlackElo "2429"]
[PlyCount "110"]
[EventDate "2016.01.26"]
[EventType "swiss"]
[EventRounds "10"]
[EventCountry "GGB"]
[Source "www.saund.co.uk"]
[SourceDate "2005.02.07"]

1. e4 c6 2. d4 d5 3. Nd2 dxe4 4. Nxe4 Bf5 5. Ng3 Bg6 6. f4 e6 7. Nf3 Bd6 8. Bc4
Ne7 9. O-O Nd7 10. Qe2 Nb6 11. Bd3 Bxd3 12. Qxd3 Qc7 13. Ne4 Nd7 14. c4 b6 15.
Be3 Nf5 16. c5 Be7 17. Rad1 Rd8 18. Qe2 Nf6 19. Nxf6+ gxf6 20. b4 Rg8 21. Qf2
Rd5 22. Nh4 Nh6 23. f5 Ng4 24. Qf4 Qxf4 25. Bxf4 e5 26. h3 exf4 27. hxg4 Rxg4
28. Nf3 Kd7 29. Kf2 Rxf5 30. Rh1 h5 31. Rd3 Rg8 32. Rhd1 Rd5 33. Ra3 a5 34. Rb1
Ra8 35. bxa5 b5 36. a6 Rxc5 37. Rd3 Rc2+ 38. Rd2 Rxd2+ 39. Nxd2 Rxa6 40. Rb2
Ra4 41. Nb3 Rc4 42. Kf3 Bd6 43. Re2 f5 44. Kf2 h4 45. Nd2 Rxd4 46. Nf3 Rd1 47.
Rd2 Rxd2+ 48. Nxd2 c5 49. Nf3 Be7 50. Ke2 Ke6 51. Ng1 c4 52. Kd2 b4 53. Nf3 Kd5
54. Kc2 Ke4 55. Kd2 h3 0-1

[Event "Tradewise Gibraltar Masters 14th"]
[Site "Gibraltar"]
[Date "2016.02.01"]
[Round "7.53"]
[White "Zhao Xue"]
[Black "Baert, Andy"]
[Result "1-0"]
[WhiteElo "2506"]
[BlackElo "2184"]
[PlyCount "53"]
[EventDate "2016.01.26"]
[EventType "swiss"]
[EventRounds "10"]
[EventCountry "GGB"]
[Source "www.saund.co.uk"]
[SourceDate "2005.02.07"]

1. c4 Nf6 2. Nc3 c5 3. Nf3 Nc6 4. e3 e6 5. d4 cxd4 6. exd4 d5 7. a3 Be7 8. Bd3
O-O 9. O-O dxc4 10. Bxc4 a6 11. Bd3 b5 12. b4 Bb7 13. Bb2 Qd6 14. Qd2 Rfd8 15.
Rad1 Rac8 16. Rfe1 Ba8 17. Bb1 Bf8 18. Qg5 Ne7 19. Ne5 Ned5 20. Ne2 a5 21. bxa5
Qa6 22. Rd3 Qxa5 23. Red1 Qa4 24. Re1 b4 25. Rh3 bxa3 26. Bxh7+ Nxh7 27. Qh5
1-0

[Event "Tradewise Gibraltar Masters 14th"]
[Site "Gibraltar"]
[Date "2016.02.01"]
[Round "7.54"]
[White "Shachar, Ehud"]
[Black "Naiditsch, Arkadij"]
[Result "0-1"]
[WhiteElo "2353"]
[BlackElo "2696"]
[PlyCount "98"]
[EventDate "2016.01.26"]
[EventType "swiss"]
[EventRounds "10"]
[EventCountry "GGB"]
[Source "www.saund.co.uk"]
[SourceDate "2005.02.07"]

1. e4 c5 2. Nc3 Nc6 3. Nge2 e6 4. g3 a6 5. Bg2 b5 6. O-O Bb7 7. d3 Nf6 8. h3 d6
9. Be3 Be7 10. a3 Rc8 11. g4 Nd7 12. Qd2 Nb6 13. f4 d5 14. exd5 exd5 15. Bf2
O-O 16. Ng3 Re8 17. Rae1 Qd7 18. Nf5 Bf8 19. Rxe8 Rxe8 20. Re1 Rxe1+ 21. Qxe1
g6 22. Ng3 Nd4 23. Nce2 Nxe2+ 24. Qxe2 Na4 25. b3 Nc3 26. Qe5 Nd1 27. Be1 Bg7
28. Qb8+ Bc8 29. Bf3 Qe8 30. Bd2 Nc3 31. Bxc3 Bxc3 32. Kg2 Qd7 33. Qa8 Bb2 34.
a4 bxa4 35. bxa4 Kg7 36. Qxd5 Qxa4 37. Qxc5 Bd7 38. Ne4 Bd4 39. Qc4 Qxc4 40.
dxc4 a5 41. c3 Be3 42. Kg3 Bc6 43. c5 a4 44. c4 Bd7 45. Bd1 a3 46. Bb3 Bc6 47.
Kf3 Bc1 48. f5 gxf5 49. gxf5 f6 0-1

[Event "Tradewise Gibraltar Masters 14th"]
[Site "Gibraltar"]
[Date "2016.02.01"]
[Round "7.55"]
[White "Khotenashvili, Bela"]
[Black "Bach, Matthias"]
[Result "1-0"]
[WhiteElo "2502"]
[BlackElo "2301"]
[PlyCount "143"]
[EventDate "2016.01.26"]
[EventType "swiss"]
[EventRounds "10"]
[EventCountry "GGB"]
[Source "www.saund.co.uk"]
[SourceDate "2005.02.07"]

1. d4 Nf6 2. c4 c5 3. d5 e6 4. Nc3 exd5 5. cxd5 d6 6. Nf3 g6 7. Bf4 Bg7 8. h3
O-O 9. e3 a6 10. a4 Qe7 11. Nd2 Nbd7 12. Nc4 Ne8 13. Be2 Ne5 14. Nb6 Rb8 15.
O-O f5 16. Bh2 Nf6 17. Qc2 Nfd7 18. Nxd7 Bxd7 19. a5 g5 20. f4 Ng6 21. Nd1 gxf4
22. exf4 Rbe8 23. Bd3 Qh4 24. Ra3 Rf7 25. Bc4 Rfe7 26. Bg3 Bd4+ 27. Kh2 Qf6 28.
Rd3 Bb5 29. Rd2 Bxc4 30. Qxc4 Re4 31. Qb3 Qe7 32. Rf3 Qc7 33. Nc3 Re3 34. Qa4
Qf7 35. Rxe3 Rxe3 36. Rxd4 cxd4 37. Qxd4 Re7 38. Bf2 Nf8 39. Qd3 Nd7 40. Bd4
Qg6 41. Ne2 Nf6 42. Bxf6 Qxf6 43. Nd4 Re4 44. Ne6 Rxe6 45. dxe6 Qxe6 46. Qg3+
Kf7 47. Qh4 Kg7 48. Qd8 Qd5 49. Qe7+ Kg8 50. b4 h6 51. Qf6 Kh7 52. h4 Qe4 53.
Qxd6 h5 54. Qe5 Qxb4 55. Qxf5+ Kg7 56. Qe5+ Kf8 57. Qh8+ Ke7 58. Qg7+ Ke6 59.
Qe5+ Kd7 60. Qd5+ Ke7 61. g3 Qb2+ 62. Kh3 Qb5 63. Qe5+ Kd7 64. Kh2 Kd8 65. g4
Qf1 66. Qd4+ Kc8 67. gxh5 Qe2+ 68. Kg3 Qxh5 69. Qc3+ Kd7 70. Qg7+ Kc6 71. Qf6+
Kd7 72. Qg5 1-0

[Event "Tradewise Gibraltar Masters 14th"]
[Site "Gibraltar"]
[Date "2016.02.01"]
[Round "7.56"]
[White "Goriatchkin, Jouri"]
[Black "Blomqvist, Erik"]
[Result "1/2-1/2"]
[WhiteElo "2300"]
[BlackElo "2492"]
[PlyCount "90"]
[EventDate "2016.01.26"]
[EventType "swiss"]
[EventRounds "10"]
[EventCountry "GGB"]
[Source "www.saund.co.uk"]
[SourceDate "2005.02.07"]

1. d4 Nf6 2. c4 e6 3. g3 d5 4. Bg2 g6 5. Nf3 Bg7 6. O-O O-O 7. Nbd2 b6 8. b3
Bb7 9. Ba3 Re8 10. Ne5 c5 11. e3 cxd4 12. exd4 Nc6 13. Ndf3 Rc8 14. Ng5 Nxe5
15. dxe5 Nd7 16. f4 Nxe5 17. cxd5 exd5 18. h4 h6 19. Nh3 Nd7 20. f5 Qf6 21. Rc1
Rxc1 22. Qxc1 Rc8 23. Qb1 g5 24. hxg5 hxg5 25. Bc1 Qd4+ 26. Nf2 Qc3 27. Kh2 Ba6
28. Bxg5 Be5 29. Bh4 Bxf1 30. Qxf1 Nf6 31. Qe2 Re8 32. Qd1 Qd4 33. Qxd4 Bxd4
34. Nd3 Re2 35. Kh3 Rxa2 36. Nb4 Ra3 37. Nc2 Ra2 38. Nxd4 Ne4 39. Bxe4 dxe4 40.
Kg4 Rf2 41. Bg5 a5 42. Be3 Rf1 43. Nc6 Rb1 44. Nd4 Rf1 45. Nc6 Rb1 1/2-1/2

[Event "Tradewise Gibraltar Masters 14th"]
[Site "Gibraltar"]
[Date "2016.02.01"]
[Round "7.57"]
[White "Salomon, Johan"]
[Black "Weisbuch, Udi"]
[Result "1/2-1/2"]
[WhiteElo "2444"]
[BlackElo "2254"]
[PlyCount "120"]
[EventDate "2016.01.26"]
[EventType "swiss"]
[EventRounds "10"]
[EventCountry "GGB"]
[Source "www.saund.co.uk"]
[SourceDate "2005.02.07"]

1. d4 Nf6 2. c4 g6 3. Nc3 Bg7 4. e4 d6 5. Be2 O-O 6. Be3 e5 7. d5 Na6 8. h4 Nc5
9. Qc2 h5 10. f3 a5 11. Nh3 c6 12. Nf2 Bd7 13. g4 a4 14. Qd2 Qa5 15. Bg5 Kh7
16. dxc6 Bxc6 17. Bxf6 Bxf6 18. gxh5 gxh5 19. O-O-O a3 20. b3 Bg7 21. Nh3 f6
22. Kb1 Bh6 23. Qc2 Ne6 24. Nd5 Nd4 25. Rxd4 exd4 26. e5+ f5 27. Nf6+ Kh8 28.
Qxf5 Rf7 29. Ng5 Rg7 30. Nxh5 Qd2 31. Qc2 Qxc2+ 32. Kxc2 Re7 33. Nf4 Be8 34. e6
Rg7 35. Bd3 b5 36. cxb5 Rc8+ 37. Kd2 Rc5 38. b4 Re5 39. Rc1 Rexg5 40. hxg5 Bxg5
41. Rc8 Bxf4+ 42. Kc2 Rg8 43. Kb3 d5 44. Kxa3 Bh5 45. Rxg8+ Kxg8 46. Kb2 Bd6
47. f4 Bxb4 48. Kb3 Bd2 49. f5 Kg7 50. b6 Bd1+ 51. Kb2 Kf6 52. Bb5 Bg4 53. Bd3
Ke7 54. Kc2 Ba5 55. b7 Bc7 56. a4 Bf3 57. a5 Be4 58. a6 Bb8 59. Kd2 Bf4+ 60.
Kc2 Bb8 1/2-1/2

[Event "Tradewise Gibraltar Masters 14th"]
[Site "Gibraltar"]
[Date "2016.02.01"]
[Round "7.58"]
[White "Mihajlov, Sebastian"]
[Black "Kollars, Dmitrij"]
[Result "1/2-1/2"]
[WhiteElo "2335"]
[BlackElo "2436"]
[PlyCount "73"]
[EventDate "2016.01.26"]
[EventType "swiss"]
[EventRounds "10"]
[EventCountry "GGB"]
[Source "www.saund.co.uk"]
[SourceDate "2005.02.07"]

1. d4 Nf6 2. c4 e6 3. Nf3 Bb4+ 4. Nbd2 O-O 5. e3 b6 6. a3 Be7 7. Bd3 c5 8. O-O
Bb7 9. e4 cxd4 10. Nxd4 d6 11. b4 Nbd7 12. Bb2 Ne5 13. Bc2 Rc8 14. Qe2 Ng6 15.
g3 Re8 16. Ba4 Nd7 17. Rac1 a6 18. h4 Nge5 19. f4 Nc6 20. N4f3 Bf6 21. e5 dxe5
22. fxe5 Be7 23. Kh2 Qc7 24. Ne4 h6 25. Rcd1 Ndxe5 26. Nxe5 Nxe5 27. Qh5 f5 28.
Bxe8 Bxe4 29. Kh3 Bf6 30. Bxe5 Qxe5 31. Qf7+ Kh7 32. Rde1 Rxc4 33. Qg6+ Kh8 34.
h5 Rc3 35. Bc6 Rxc6 36. Qe8+ Kh7 37. Qg6+ 1/2-1/2

[Event "Tradewise Gibraltar Masters 14th"]
[Site "Gibraltar"]
[Date "2016.02.01"]
[Round "7.59"]
[White "Tischbierek, Raj"]
[Black "Heinemann, Josefine"]
[Result "1-0"]
[WhiteElo "2433"]
[BlackElo "2233"]
[PlyCount "93"]
[EventDate "2016.01.26"]
[EventType "swiss"]
[EventRounds "10"]
[EventCountry "GGB"]
[Source "www.saund.co.uk"]
[SourceDate "2005.02.07"]

1. b3 e5 2. Bb2 Nc6 3. e3 Nf6 4. Bb5 Bd6 5. Na3 Na5 6. Be2 a6 7. Nf3 Qe7 8. Nb1
O-O 9. d3 b6 10. O-O Bb7 11. Nbd2 c5 12. Re1 Bc7 13. d4 e4 14. Nh4 g6 15. g3
Nc6 16. dxc5 bxc5 17. Bxf6 Qxf6 18. Nxe4 Qe7 19. Nc3 Nb4 20. Bf3 Bxf3 21. Nxf3
Ba5 22. Rf1 Nxc2 23. Qxc2 Qf6 24. Nd5 Qxf3 25. Qxc5 Bd8 26. Rad1 h5 27. Nf4 h4
28. Qd5 Qxd5 29. Rxd5 hxg3 30. hxg3 Bc7 31. Rxd7 Bxf4 32. gxf4 Rfc8 33. Rfd1
Rc2 34. R1d2 Rac8 35. Kg2 Kg7 36. Kf3 R8c6 37. R7d5 Rc1 38. Rd6 R1c3 39. R2d5
Rc2 40. Rxc6 Rxc6 41. Ke4 Kf6 42. Ra5 Ke6 43. f5+ gxf5+ 44. Rxf5 f6 45. Ra5 Rb6
46. Kd4 Rc6 47. e4 1-0

[Event "Tradewise Gibraltar Masters 14th"]
[Site "Gibraltar"]
[Date "2016.02.01"]
[Round "7.60"]
[White "Neef, Maximilian"]
[Black "House, Glenn L"]
[Result "1-0"]
[WhiteElo "2423"]
[BlackElo "2226"]
[PlyCount "93"]
[EventDate "2016.01.26"]
[EventType "swiss"]
[EventRounds "10"]
[EventCountry "GGB"]
[Source "www.saund.co.uk"]
[SourceDate "2005.02.07"]

1. Nf3 Nf6 2. c4 e6 3. g3 b6 4. Bg2 Bb7 5. O-O Be7 6. b3 O-O 7. Bb2 c5 8. e3 d6
9. Qe2 Nbd7 10. Rd1 Qc7 11. Nc3 a6 12. d4 Rfe8 13. Rac1 Rad8 14. Ne1 Bxg2 15.
Nxg2 Bf8 16. d5 e5 17. e4 g6 18. Rc2 Bh6 19. Ne3 Rf8 20. Bc1 Kh8 21. Kg2 Rde8
22. f3 Ng8 23. Qd3 Qd8 24. Rf2 Ndf6 25. g4 Bg5 26. Rh1 Bh4 27. Rff1 Re7 28. Kg1
Ne8 29. Ng2 Rb7 30. Qd2 h6 31. Nxh4 Qxh4 32. Qf2 Qxf2+ 33. Kxf2 b5 34. Ke2 Kg7
35. h4 b4 36. Na4 Re7 37. Be3 Rc7 38. a3 a5 39. axb4 axb4 40. Ra1 f5 41. g5 f4
42. Bf2 Ne7 43. Nb2 Nc8 44. Ra8 Rh8 45. Rha1 hxg5 46. hxg5 Rh5 47. Rb8 1-0

[Event "Tradewise Gibraltar Masters 14th"]
[Site "Gibraltar"]
[Date "2016.02.01"]
[Round "7.61"]
[White "Plotkin, Victor"]
[Black "Nezad, Husein Aziz"]
[Result "1-0"]
[WhiteElo "2291"]
[BlackElo "2422"]
[PlyCount "95"]
[EventDate "2016.01.26"]
[EventType "swiss"]
[EventRounds "10"]
[EventCountry "GGB"]
[Source "www.saund.co.uk"]
[SourceDate "2005.02.07"]

1. e4 e5 2. Nf3 Nc6 3. Bc4 Nf6 4. d3 h6 5. O-O d6 6. c3 g6 7. d4 Qe7 8. dxe5
Nxe5 9. Nxe5 dxe5 10. Qe2 Bg7 11. Nd2 O-O 12. Re1 Bd7 13. Nf1 Kh8 14. Ng3 Ne8
15. f4 Nd6 16. Bd3 exf4 17. Bxf4 Be5 18. Qe3 h5 19. Rf1 b6 20. Ne2 Rae8 21.
Rae1 Bc6 22. Nd4 Bd7 23. Nf3 Bxf4 24. Qxf4 f6 25. e5 fxe5 26. Qxe5+ Qxe5 27.
Nxe5 Rxf1+ 28. Kxf1 Bf5 29. Bxf5 Nxf5 30. Nf3 Rxe1+ 31. Kxe1 Kg7 32. Ke2 Kf6
33. Kd3 g5 34. Ke4 c6 35. a4 Nd6+ 36. Kd4 Kf5 37. Ne5 c5+ 38. Kd5 Nc8 39. Nc4
Ne7+ 40. Kd6 Ng6 41. Kc7 Nh4 42. Kb7 Ke4 43. Kxa7 Kd5 44. Nxb6+ Ke4 45. a5 Nxg2
46. a6 Nf4 47. Kb8 Ne6 48. Nd5 1-0

[Event "Tradewise Gibraltar Masters 14th"]
[Site "Gibraltar"]
[Date "2016.02.01"]
[Round "7.62"]
[White "Santiago, Yago De Moura"]
[Black "Midonet, Mathieu"]
[Result "0-1"]
[WhiteElo "2422"]
[BlackElo "2211"]
[PlyCount "98"]
[EventDate "2016.01.26"]
[EventType "swiss"]
[EventRounds "10"]
[EventCountry "GGB"]
[Source "www.saund.co.uk"]
[SourceDate "2005.02.07"]

1. d4 Nf6 2. Nf3 c5 3. c4 cxd4 4. Nxd4 e5 5. Nb5 d5 6. cxd5 Bc5 7. e3 O-O 8.
N5c3 e4 9. a3 Qe7 10. b4 Bd6 11. Bb2 Rd8 12. Nb5 Be5 13. Bxe5 Qxe5 14. Qd4 Qh5
15. N1c3 Nc6 16. Qc5 Ne5 17. Nc7 Rb8 18. Qd4 Bg4 19. h3 Rbc8 20. d6 Bf3 21.
N3b5 a6 22. Na7 Rb8 23. Rc1 Qg5 24. h4 Qf5 25. Rc5 Nfd7 26. Rd5 Qf6 27. Kd2
Bxg2 28. Bxg2 Qxf2+ 29. Kc3 Qxg2 30. Rc1 Nd3 31. Rc2 Qh1 32. Rg5 g6 33. Kc4
Qxh4 34. Nd5 Nb6+ 35. Kb3 Nxd5 36. Qxd5 Qh1 37. Ka2 Qd1 38. Qc4 Rxd6 39. Nc8
Rd8 40. Nb6 Ne1 41. Rb2 Rd2 42. Rd5 Rxb2+ 43. Kxb2 Nd3+ 44. Ka2 Qd2+ 45. Kb3
Qxe3 46. Qc7 Rf8 47. Nc4 Nc5+ 48. Kc2 Qb3+ 49. Kd2 e3+ 0-1

[Event "Tradewise Gibraltar Masters 14th"]
[Site "Gibraltar"]
[Date "2016.02.01"]
[Round "7.64"]
[White "Ben Artzi, Ido"]
[Black "Pinho, Paulo"]
[Result "0-1"]
[WhiteElo "2418"]
[BlackElo "2197"]
[PlyCount "108"]
[EventDate "2016.01.26"]
[EventType "swiss"]
[EventRounds "10"]
[EventCountry "GGB"]
[Source "www.saund.co.uk"]
[SourceDate "2005.02.07"]

1. d4 Nf6 2. c4 c5 3. d5 e5 4. Nc3 d6 5. e4 Be7 6. g3 O-O 7. Bg2 Nbd7 8. Nge2
a6 9. a4 b6 10. O-O Ne8 11. Be3 Rb8 12. f4 Nc7 13. Qd3 Bf6 14. Kh1 Re8 15. Rab1
b5 16. axb5 axb5 17. Nxb5 Nxb5 18. cxb5 Qa5 19. Nc3 Nb6 20. b4 Qa3 21. Bc1 c4
22. Qf3 Qa7 23. f5 Bd8 24. g4 Ra8 25. g5 Qb7 26. Qh5 g6 27. Qh6 Qe7 28. Bh3 Bc7
29. Rf3 Qf8 30. Qh4 Na4 31. Ra1 Nb6 32. Rxa8 Nxa8 33. f6 Bb6 34. Bf5 Nc7 35.
Rh3 h5 36. gxh6 Kh7 37. Qg4 Bd4 38. Bxc8 Rxc8 39. Qd7 Qe8 40. Qc6 Qd8 41. Qxc4
Ne8 42. Qa2 Rxc3 43. Rxc3 Bxc3 44. Bg5 Qd7 45. Qe2 Bd4 46. Kg2 Nc7 47. h4 Qxb5
48. Qg4 Qd3 49. Qd7 Qxe4+ 50. Kg3 Qd3+ 51. Kh2 Qe2+ 52. Kh3 Qf3+ 53. Kh2 Qf2+
54. Kh3 Qf1+ 0-1

[Event "Tradewise Gibraltar Masters 14th"]
[Site "Gibraltar"]
[Date "2016.02.01"]
[Round "7.65"]
[White "Nava Pereda, Carlos"]
[Black "Holm, Kristian Stuvik"]
[Result "1-0"]
[WhiteElo "2262"]
[BlackElo "2417"]
[PlyCount "82"]
[EventDate "2016.01.26"]
[EventType "swiss"]
[EventRounds "10"]
[EventCountry "GGB"]
[Source "www.saund.co.uk"]
[SourceDate "2005.02.07"]

1. Nf3 g6 2. e4 c5 3. d4 cxd4 4. Nxd4 Nc6 5. c4 Bg7 6. Be3 Nf6 7. Nc3 O-O 8.
Be2 d6 9. O-O Bd7 10. f4 Nxd4 11. Bxd4 Bc6 12. Bf3 Nd7 13. Bxg7 Kxg7 14. Kh1
Qb6 15. Qd2 a5 16. b3 Kg8 17. Rae1 a4 18. Bd1 axb3 19. axb3 Qa5 20. Re3 b5 21.
cxb5 Bxb5 22. Rf2 Bc6 23. h4 Nf6 24. Nd5 Bxd5 25. exd5 Nxd5 26. b4 Qa7 27. Rb3
Rab8 28. f5 Nf6 29. fxg6 hxg6 30. Rf4 Qa1 31. Kh2 Qe5 32. g3 d5 33. Bf3 Qd6 34.
b5 Rfd8 35. Ra4 Rb6 36. h5 Kg7 37. hxg6 Rh8+ 38. Kg2 fxg6 39. Ra7 Qd8 40. Qd4
Rb8 41. Re3 Qd7 1-0

[Event "Tradewise Gibraltar Masters 14th"]
[Site "Gibraltar"]
[Date "2016.02.01"]
[Round "7.66"]
[White "Vogt, Lothar"]
[Black "Byron, Alan M"]
[Result "1-0"]
[WhiteElo "2409"]
[BlackElo "2175"]
[PlyCount "49"]
[EventDate "2016.01.26"]
[EventType "swiss"]
[EventRounds "10"]
[EventCountry "GGB"]
[Source "www.saund.co.uk"]
[SourceDate "2005.02.07"]

1. e4 e5 2. Nf3 Nc6 3. Bb5 a6 4. Ba4 Nf6 5. d4 exd4 6. O-O Be7 7. Re1 O-O 8. e5
Ne8 9. Bf4 b5 10. Bb3 d5 11. c3 Na5 12. cxd4 Nxb3 13. Qxb3 Rb8 14. Nbd2 g5 15.
Nxg5 Bxg5 16. Qg3 Ng7 17. Bxg5 Qd7 18. Rac1 Qg4 19. Bh6 Qxg3 20. hxg3 Rb7 21.
Rc6 Rb6 22. Rec1 Bb7 23. Rxc7 Rxh6 24. Rxb7 Rg6 25. Rd7 1-0

[Event "Tradewise Gibraltar Masters 14th"]
[Site "Gibraltar"]
[Date "2016.02.01"]
[Round "7.67"]
[White "Hommerson, Paul"]
[Black "Martinez Martin, David"]
[Result "1/2-1/2"]
[WhiteElo "2240"]
[BlackElo "2407"]
[PlyCount "86"]
[EventDate "2016.01.26"]
[EventType "swiss"]
[EventRounds "10"]
[EventCountry "GGB"]
[Source "www.saund.co.uk"]
[SourceDate "2005.02.07"]

1. e4 e6 2. d4 d5 3. Nd2 Be7 4. Bd3 c5 5. dxc5 Nf6 6. Qe2 a5 7. Ngf3 Na6 8.
Bb5+ Bd7 9. Ne5 Nxc5 10. Nxd7 Nfxd7 11. exd5 exd5 12. Qe5 O-O 13. Qxd5 Qc7 14.
O-O Nf6 15. Qf3 Ne6 16. c3 a4 17. Ne4 a3 18. bxa3 Nxe4 19. Qxe4 Qxc3 20. Rb1
Bxa3 21. Bd3 g6 22. Rb3 Qc5 23. Be3 Qc8 24. Qxb7 Qxb7 25. Rxb7 Nc5 26. Bxc5
Bxc5 27. Bc4 Rad8 28. a4 Rd4 29. Bb3 Rf4 30. Rc7 Bb6 31. Rc6 Rb8 32. Ba2 Ba5
33. g3 Rd4 34. Rc5 Bb6 35. Rb5 Rd2 36. Bb3 Kg7 37. Kh1 Rb2 38. a5 Ba7 39. Rxb8
Bxb8 40. Bc4 Rc2 41. Bb3 Rb2 42. Bc4 Rc2 43. Bd3 Rd2 1/2-1/2

[Event "Tradewise Gibraltar Masters 14th"]
[Site "Gibraltar"]
[Date "2016.02.01"]
[Round "7.68"]
[White "Shvayger, Yuliya"]
[Black "Spence, David J"]
[Result "1-0"]
[WhiteElo "2381"]
[BlackElo "2140"]
[PlyCount "51"]
[EventDate "2016.01.26"]
[EventType "swiss"]
[EventRounds "10"]
[EventCountry "GGB"]
[Source "www.saund.co.uk"]
[SourceDate "2005.02.07"]

1. e4 e6 2. d4 d5 3. Nd2 Nf6 4. e5 Nfd7 5. Bd3 c5 6. c3 Nc6 7. Ngf3 g6 8. h4 h6
9. O-O g5 10. hxg5 hxg5 11. g4 Qb6 12. Kg2 cxd4 13. cxd4 Nxd4 14. Rh1 Rxh1 15.
Qxh1 Nc6 16. Qh8 Nc5 17. Be2 Bd7 18. Nxg5 Nd4 19. Bf1 Bb5 20. Qg8 O-O-O 21.
Nxf7 Nc2 22. Nxd8 Bxf1+ 23. Nxf1 Ne1+ 24. Kh3 Qb5 25. Ng3 Ne4 26. Qxf8 1-0

[Event "Tradewise Gibraltar Masters 14th"]
[Site "Gibraltar"]
[Date "2016.02.01"]
[Round "7.70"]
[White "Barrenechea Bahamonde, Gustavo"]
[Black "Herman, Matthew J"]
[Result "0-1"]
[WhiteElo "2116"]
[BlackElo "2370"]
[PlyCount "60"]
[EventDate "2016.01.26"]
[EventType "swiss"]
[EventRounds "10"]
[EventCountry "GGB"]
[Source "www.saund.co.uk"]
[SourceDate "2005.02.07"]

1. e4 e5 2. Nf3 Nc6 3. Bb5 a6 4. Ba4 Nf6 5. Nc3 d6 6. d4 exd4 7. Nd5 Bd7 8. O-O
Be7 9. Nxd4 Nxd5 10. exd5 Nxd4 11. Qxd4 O-O 12. Bb3 Bf5 13. a4 Bf6 14. Qb4 Be5
15. a5 Rb8 16. Be3 Bxb2 17. Rab1 Be5 18. f4 Bf6 19. Ba7 Ra8 20. Qxb7 Bc3 21.
Ba4 Qf6 22. Kh1 Be4 23. Bc6 h5 24. Qxa6 Qg6 25. Rg1 Bd4 26. Bxa8 Rxa8 27. f5
Qg4 28. Qb7 Rxa7 29. Qc8+ Kh7 30. Rb8 Bxg2+ 0-1

[Event "Tradewise Gibraltar Masters 14th"]
[Site "Gibraltar"]
[Date "2016.02.01"]
[Round "7.71"]
[White "Hill, Alistair"]
[Black "Teran Alvarez, Ismael"]
[Result "1-0"]
[WhiteElo "2167"]
[BlackElo "2416"]
[PlyCount "45"]
[EventDate "2016.01.26"]
[EventType "swiss"]
[EventRounds "10"]
[EventCountry "GGB"]
[Source "www.saund.co.uk"]
[SourceDate "2005.02.07"]

1. Nf3 Nf6 2. c4 g6 3. d4 Bg7 4. Nc3 O-O 5. e4 d6 6. Be2 Bg4 7. Be3 Nfd7 8. O-O
c5 9. d5 Na6 10. Qd2 Re8 11. Bh6 Bh8 12. Ng5 Bxe2 13. Qxe2 Nc7 14. Rad1 a6 15.
f4 b5 16. e5 dxe5 17. f5 Nf6 18. Nce4 bxc4 19. d6 Ncd5 20. Qxc4 gxf5 21. Nxf6+
exf6 22. Qxd5 fxg5 23. d7 1-0